The noble scholar, jurist, historian


 His Excellency Dr. Abdul Wahhab bin Ibrahim Abu Sulaiman, may Allah have mercy on him.


 He was born in Umm Al-Qura in the year 1356 AH.

سبل السلام : (Record no. 1307)

MARC details
000 -LEADER
fixed length control field 01238cam a22002651i 4500
003 - CONTROL NUMBER IDENTIFIER
control field SA-RiAUC
005 - DATE AND TIME OF LATEST TRANSACTION
control field 20241014141011.0
008 - FIXED-LENGTH DATA ELEMENTS--GENERAL INFORMATION
fixed length control field 241014s1938 ||| g 000 0 ara c
040 ## - CATALOGING SOURCE
Original cataloging agency SA-JeALM
Language of cataloging ara
Transcribing agency SA-RiAUC
Description conventions rda
082 04 - DEWEY DECIMAL CLASSIFICATION NUMBER
Classification number 237.3
090 ## - LOCALLY ASSIGNED LC-TYPE CALL NUMBER (OCLC); LOCAL CALL NUMBER (RLIN)
Classification number (OCLC) (R) ; Classification number, CALL (RLIN) (NR) ن 237.3
Local cutter number (OCLC) ; Book number/undivided call number, CALL (RLIN) ص ن ع
100 1# - MAIN ENTRY--PERSONAL NAME
Personal name الصنعاني، محمد بن إسماعيل بن صلاح،
Dates associated with a name 1099-1182 هجري
Relator term مؤلف.
245 10 - TITLE STATEMENT
Title سبل السلام :
Remainder of title شرح بلوغ المرام من أدلة الأحكام /
Statement of responsibility, etc. محمد بن إسماعيل بن صلاح الأمير الكحلاوي الصنعاني.
246 30 - VARYING FORM OF TITLE
Title proper/short title شرح بلوغ المرام من جمع أدلة الأحكام
264 #1 - PRODUCTION, PUBLICATION, DISTRIBUTION, MANUFACTURE, AND COPYRIGHT NOTICE
Place of production, publication, distribution, manufacture [مكان النشر غير محدد] :
Name of producer, publisher, distributor, manufacturer مطبعة الاستقامة.
Date of production, publication, distribution, manufacture, or copyright notice [1938]
300 ## - PHYSICAL DESCRIPTION
Extent 4 مجلدات ؛
Dimensions 24 سم
336 ## - CONTENT TYPE
Content type term نص
Content type code txt
Source rdacontent
Materials specified كتاب
337 ## - MEDIA TYPE
Media type term بدون وسيط
Media type code n
Source rdamedia
338 ## - CARRIER TYPE
Carrier type term مجلد
Carrier type code nc
Source rdacarrier
650 #7 - SUBJECT ADDED ENTRY--TOPICAL TERM
Topical term or geographic name entry element الحديث
General subdivision أحكام
Source of heading or term aucsh
700 12 - ADDED ENTRY--PERSONAL NAME
Personal name ابن حجر العسقلاني، أحمد بن علي بن محمد،
Dates associated with a name 773-852 هجري
740 02 - ADDED ENTRY--UNCONTROLLED RELATED/ANALYTICAL TITLE
Uncontrolled related/analytical title بلوغ المرام من جمع أدلة الأحكام.
942 ## - ADDED ENTRY ELEMENTS (KOHA)
Source of classification or shelving scheme Dewey Decimal Classification
Koha item type كتاب نادر
Suppress in OPAC No
949 ## - LOCAL PROCESSING INFORMATION (OCLC)
a SA-JeALM
d 241014
u mohamedma123
n 1
Holdings
Withdrawn status Lost status Source of classification or shelving scheme Materials specified (bound volume or other part) Damaged status Not for loan Home library Current library Date acquired Total checkouts Full call number Barcode Date last seen Price effective from Koha item type
    Dewey Decimal Classification الجزء الاول     DR AbdElwahab Library DR AbdElwahab Library 10/14/2024   ن 237.3 ص ن ع 000001835 10/14/2024 10/14/2024 كتاب نادر
    Dewey Decimal Classification الجزء الثاني     DR AbdElwahab Library DR AbdElwahab Library 10/14/2024   ن 237.3 ص ن ع 000001836 10/14/2024 10/14/2024 كتاب نادر
    Dewey Decimal Classification الجزء الثالث     DR AbdElwahab Library DR AbdElwahab Library 10/14/2024   ن 237.3 ص ن ع 000001837 10/14/2024 10/14/2024 كتاب نادر
    Dewey Decimal Classification الجزء الرابع     DR AbdElwahab Library DR AbdElwahab Library 10/14/2024   ن 237.3 ص ن ع 000001838 10/14/2024 10/14/2024 كتاب نادر